000 00771nam a2200241Ia 4500
003 GCL
008 140319s9999 xx 000 0 ara d
020 _a8048399977
040 _aGCL /
_cGCL
082 0 4 _aق
_b920.71
_bم ش
100 1 _aمحمد بركات
245 1 0 _aشخصيات لها بصمات /
_cمحمد بركات
250 _aالاولى
260 _aالقاهرة :
_bأطلس للنشر والانتاج الاعلامى ،
_c2005
300 _a144 ص ؛
_c24 سم
650 0 4 _aثروت اباظة
650 0 4 _aالسينمائيون المصريون
650 0 4 _aصالح جودت
650 0 4 _aالرجال - تراجم
650 0 4 _aرياض السنباطى
650 0 4 _aالادباء العرب - تراجم
942 _2ddc
_cBK
999 _c9368
_d9368